000 01372nab a22002417a 4500
999 _c6228
_d6228
003 OSt
005 20260126023052.0
008 190514b xxu||||| |||| 00| 0 spa d
040 _cPJ
100 _96950
_aMartín, María Macarena
245 1 0 _aEfectividad del derecho a conocer los orígenes :
_blos desafíos legales en la protección de la identidad de las personas nacidas por TRHA en Argentina /
_cMaría Macarena Martín.
300 _ap. 61-67
500 _aCita: TR LALEY AR/DOC/2673/2024.
505 _aSumario: I. Desafíos legales y el derecho a la identidad en Argentina de las personas nacidas por técnicas de reproducción humana asistida.— II. El derecho a conocer los orígenes y su efectividad.— III. Conclusión.
505 _tFallo comentado: JNFed. Contenciosoadministrativo Nro. 12 ~ 27/05/2024 ~ L., N. V. y otro c. En - PEN - M de Salud - Procrearte Red de Medicina Reproductiva y Molecular y otro s/ amparo ley 16.986.
650 0 _9967
_aDERECHO DE FAMILIA
650 0 _92345
_aDERECHO A LA IDENTIDAD
650 0 _94292
_aTÉCNICAS DE REPRODUCCIÓN HUMANA ASISTIDA
650 0 _91004
_aFILIACION
650 0 _91057
_aJURISPRUDENCIA APLICABLE
773 0 _02844
_93222
_dBuenos Aires : AbeledoPerrot, 1989-
_tDerecho de familia. Revista Interdisciplinaria de doctrina y jurisprudencia. Diciembre 2024-VI.
_z18511201
942 _2udc
_cANA